| 000 | 00508nam a22001937a 4500 | ||
|---|---|---|---|
| 003 | MPLRDC | ||
| 005 | 20220104142433.0 | ||
| 008 | 210129b ||||| |||| 00| 0 eng d | ||
| 020 | _a978-7-80206-480-5 | ||
| 082 | _a859.6 AES | ||
| 100 | _aGWENDOLINE DUN AESOP | ||
| 245 |
_a伊索寓言 _c王焕生 译 |
||
| 250 | _a一版一刷 | ||
| 260 |
_a中国 _b光明日报出版社 _c2007 |
||
| 300 | _b185 | ||
| 490 | _a中外名著榜中榜: 第三辑 | ||
| 650 | _a儿童文学 | ||
| 942 |
_cBK _o859.6 AES |
||
| 999 |
_c30891 _d30881 |
||